जुआरी/ (Record no. 113450)

MARC details
000 -LEADER
fixed length control field 01111nam a22002657a 4500
005 - DATE AND TIME OF LATEST TRANSACTION
control field 20170124102953.0
010 ## - LIBRARY OF CONGRESS CONTROL NUMBER
LC control number A-969395
020 ## - INTERNATIONAL STANDARD BOOK NUMBER
Terms of availability 00.00
International Standard Book Number 8121608287
035 ## - SYSTEM CONTROL NUMBER
System control number A-969395
037 ## - SOURCE OF ACQUISITION
Source of stock number/acquisition Cen Lib/Ret
040 ## - CATALOGING SOURCE
Original cataloging agency DPL
Language of cataloging HN
082 ## - DEWEY DECIMAL CLASSIFICATION NUMBER
Classification number
Item number दोस्तो
100 ## - MAIN ENTRY--PERSONAL NAME
Personal name दोस्तोएवस्की
9 (RLIN) 52292
245 ## - TITLE STATEMENT
Title जुआरी/
Statement of responsibility, etc दोस्तोएवस्की; अनुवादक रामचन्द्र तिवारी
246 ## - VARYING FORM OF TITLE
Title proper/short title Juari /
Remainder of title by Dostoievsky; anuvadak Ramchandra Tiwari
260 ## - PUBLICATION, DISTRIBUTION, ETC. (IMPRINT)
Place of publication, distribution, etc दिल्ली
Name of publisher, distributor, etc हिन्दी पॉकेट बुक्स
Date of publication, distribution, etc 1998
270 ## - ADDRESS
Address दिल्सहद गार्डन, ज़ी.टी. रोड
City दिल्ली
Postal code 110095
300 ## - PHYSICAL DESCRIPTION
Extent 166पृ.
Dimensions 21सेमी (सजिल्द)
650 ## - SUBJECT ADDED ENTRY--TOPICAL TERM
Topical term or geographic name as entry element रुसी साहित्य
9 (RLIN) 52293
650 ## - SUBJECT ADDED ENTRY--TOPICAL TERM
Topical term or geographic name as entry element उपन्यास
9 (RLIN) 52294
650 ## - SUBJECT ADDED ENTRY--TOPICAL TERM
Topical term or geographic name as entry element Russian literature
9 (RLIN) 52295
650 ## - SUBJECT ADDED ENTRY--TOPICAL TERM
Topical term or geographic name as entry element Novel
9 (RLIN) 22513
700 ## - ADDED ENTRY--PERSONAL NAME
Personal name तिवारी, रामचन्द्र
9 (RLIN) 42563
942 ## - ADDED ENTRY ELEMENTS (KOHA)
Source of classification or shelving scheme Dewey Decimal Classification
Koha item type Hindi Books
Classification part
Call number suffix दोस्तो
Holdings
Withdrawn status Lost status Damaged status Not for loan Home library Current library Date acquired Source of acquisition Cost, normal purchase price Total Checkouts Full call number Barcode Date last seen Copy number Cost, replacement price Price effective from Koha item type
        Central Library Central Library 12/08/2015 Cen Lib/Ret 0.00   उ दोस्तो A-969395 12/08/2015 1 0.00 12/08/2015 Hindi Books

© Delhi Public Library
Hit Counter
free hit counter